=LDR 00000nam 2200000 4500 =001 INLIS000000000030900 =005 20130612133017 =008 ***********************************ind** =035 ##$$0010-061300000030900 =041 ##$$a ind =082 ##$$a 813 k =090 ##$$a 813 k, Riy t =100 ##$$a Riyanto,Slamet =245 ##$$a The story of, paya, Slamet Riyanto =260 ##$$a 2009 $b Yogyakarta =300 ##$$a 6a67 hlm, ilus, 21 cm =650 ##$$a Fiksi Indonesia Kanak-kanak =850 ##$$a NBPNMAT